UROGYNECOLOGY AND RECONSTRUCTIVE PELVIE SURGERY (Record no. 14192)

MARC details
000 -LEADER
fixed length control field 00283nam a22001217a 4500
003 - CONTROL NUMBER IDENTIFIER
control field SGT
082 ## - DEWEY DECIMAL CLASSIFICATION NUMBER
Classification number 616.6
Item number U15W
100 ## - MAIN ENTRY--PERSONAL NAME
Personal name WALTERS,MARK D
245 ## - TITLE STATEMENT
Title UROGYNECOLOGY AND RECONSTRUCTIVE PELVIE SURGERY
260 ## - PUBLICATION, DISTRIBUTION, ETC. (IMPRINT)
Place of publication, distribution, etc PHILADELPHIA
Name of publisher, distributor, etc ELSEVIER
Year of Publication 2015
300 ## - PAGE DESCRIPTION
No. of Pages 674
942 ## - ADDED ENTRY ELEMENTS (KOHA)
Source of classification or shelving scheme Dewey Decimal Classification
Koha item type Books
Holdings
Withdrawn status Lost status Source of classification or shelving scheme Damaged status Not for loan Collection code Home library Current library Shelving location Date acquired Vendor Name Cost, normal purchase price SGTU Bill Number Total Checkouts Full call number Accession No. (Barcode) Date last seen Bill Date Koha item type
    Dewey Decimal Classification     MEDICAL SGT Medical Library SGT Medical Library Reference Book 23/12/2017 ABC DELHI 0.00 SGTU 8707   616.6 U15W FM9096 23/12/2017 08/07/2017 Books